Malá Fatra Vrátna dolina : severné svahy Chleba : pod Malým Fatranským Kriváňom : Veľký Fatranský Kriváň : sedačkový výťah Vrátna : lyžiarsky vlek Chleb-sever : lyžiarsky vlek Príslop

Zobrazenie: Pohľad na zasneženú Vrátnu dolinu severné svahy Chleba, lyžiara pod Malým Fatranským Kriváňom, Veľký Fatranský Kriváň, sedačkový výťah Vrátna a lyžiarske vleky Chleb-sever a vlek Príslop

Bibliographic Details
Other Authors: Šaradin, Milan, 1910-1984 (Photographer)
Format: Photo
Language:Slovak
PhysicalDescription:1 pohľadnica (6 čiastkových pohľadov) čiernobiela 11 x 22 cm
Published: Bratislava Pressfoto 1971
Subjects:

MARC

LEADER 00000nkm a2200000 a 4500
001 vtls011981179
003 SK-MaSNL
005 20260331212426.0
007 kf bo
008 231121s1971 xo g 00 kuslo
015 |a SNBG1971 
035 |a urn:nbn:sk:snk-km00eid7 
035 |a urn:nbn:sk:snk-km45x3x 
035 |a 10E6D9C2-C961-49D7-85BB-AD38BE8C8FF3 
040 |a SNK  |b slo  |c SNK  |e AACR2 
041 0 |a slo 
043 |a e-xo--- 
044 |a xo  |c SK 
072 7 |a 908(437)  |x Vlastiveda Česka a Slovenska  |2 konspekt 
080 |a 908(437.6)  |2 2011 
080 |a (234.372.4)  |2 2001 
080 |a 625.5  |2 2011 
080 |a (084.121)  |2 2001 
080 |a 551.24.055  |2 2011 
080 |a 796.9  |2 2011 
080 |a 796.92  |2 2011 
100 1 |a Šaradin, Milan,  |d 1910-1984  |4 pht  |9 211957 
245 1 0 |a Malá Fatra  |h grafika  |b Vrátna dolina : severné svahy Chleba : pod Malým Fatranským Kriváňom : Veľký Fatranský Kriváň : sedačkový výťah Vrátna : lyžiarsky vlek Chleb-sever : lyžiarsky vlek Príslop  |c foto: M. Šaradin 
246 1 |i Názov na obrazovej časti:  |a Vrátna  |b dolina Malej Fatry 
260 |a Bratislava  |b Pressfoto  |c 1971 
300 |a 1 pohľadnica (6 čiastkových pohľadov)  |b čiernobiela  |c 11 x 22 cm 
520 8 |a Zobrazenie: Pohľad na zasneženú Vrátnu dolinu severné svahy Chleba, lyžiara pod Malým Fatranským Kriváňom, Veľký Fatranský Kriváň, sedačkový výťah Vrátna a lyžiarske vleky Chleb-sever a vlek Príslop 
650 0 7 |a lanovky  |2 SNKPH  |9 16006 
650 0 7 |a vrchy a štíty  |2 SNKPH  |9 165131 
650 0 7 |a lyžiarske vleky  |2 SNKPH  |9 82035 
650 0 7 |a lyžovanie  |2 SNKPH  |9 3256 
651 7 |a Malá Fatra (Slovensko : pohorie)  |2 SNKPHgeo  |9 56372 
651 7 |a Vrátna dolina (Slovensko)  |2 SNKPHgeo  |9 160644 
651 7 |a Chleb (Malá Fatra, Slovensko : vrch)  |2 SNKPHgeo  |9 160495 
651 7 |a Malý Kriváň (Malá Fatra, Slovensko : vrch)  |2 SNKPHgeo  |9 160450 
651 7 |a Veľký Kriváň (Malá Fatra, Slovensko : vrch)  |2 SNKPHgeo  |9 57457 
655 7 |a geografické pohľadnice  |2 SNKPH  |9 70522 
852 |a Slovenská národná knižnica 
958 |a GC 
958 |a OND 
958 |a GBN 
958 |a EUIPO 
999 |c 780849  |d 782779 
952 |a SNK  |b SNK  |y PREZ  |7 0  |p 17A1247698  |o snkSP 47267  |0 0  |1 0  |4 0  |d 2020-07-13  |f 1  |l 0  |r 2026-02-24 01:03:53  |w 2026-02-24